Wildland recreation : ecology and management

Bibliographic Details
Main Author: HAMMITT
Other Authors: Cole
Format: Book
Published: New York : John Wiley , 1998
Edition:2nd ed.
Subjects:

MARC

LEADER 00000cam a2200000 7i4500
001 0000002420
005 20030610.0
020 0 0 |a 0471194611 
090 0 0 |a R333.780973   |b HAM 1998 
100 1 0 |a HAMMITT   |h William E. 
245 1 0 |a Wildland recreation :   |b ecology and management   |c William E. Hammitt, David N. Cole 
250 0 0 |a 2nd ed. 
260 0 0 |a New York :   |b John Wiley ,   |c 1998 
300 |a xii, 361 p. :   |b ill., maps ;   |c 25 cm. 
500 0 0 |a Includes bibliographical references and index 
650 0 0 |a Wilderness areas   |x Environmental aspects   |z United States 
650 0 0 |a Wilderness areas   |z United States   |x Recreational use   |x Management 
700 0 1 |a Cole   |h David N. 
998 |a JPSM 
999 |a 0000004425   |b Monograph   |c Reference   |e Default branch